Fluid Mechanics & hydraulic machines (Record no. 4873)

MARC details
000 -LEADER
fixed length control field 00414nam a22001697a 4500
005 - DATE AND TIME OF LATEST TRANSACTION
control field 20160630111032.0
008 - FIXED-LENGTH DATA ELEMENTS--GENERAL INFORMATION
fixed length control field 160630b xxu||||| |||| 00| 0 eng d
020 ## - INTERNATIONAL STANDARD BOOK NUMBER
ISBN 978-0-07-069980-9
041 ## - LANGUAGE CODE
Language code of text/sound track or separate title eng
082 ## - DEWEY DECIMAL CLASSIFICATION NUMBER
Item number 19501
100 ## - MAIN ENTRY--AUTHOR NAME
Personal name Subramanya K
245 ## - TITLE STATEMENT
Title Fluid Mechanics & hydraulic machines
260 ## - PUBLICATION, DISTRIBUTION, ETC. (IMPRINT)
Name of publisher Mc graw Hill
Year of publication 2014
300 ## - PHYSICAL DESCRIPTION
Number of Pages 622
650 ## - SUBJECT ADDED ENTRY--TOPICAL TERM
Topical Term Diploma Engineering
942 ## - ADDED ENTRY ELEMENTS (KOHA)
Koha item type Books
Holdings
Lost status Damaged status Home library Current library Shelving location Date acquired Cost, normal purchase price Full call number Accession Number Koha item type Collection code
    JRU Library   SHELF-42-C 30/06/2016 735.00 620.106 19501 Books  
    JRU Library   SHELF-42-C 30/06/2016 735.00 19501 19502 Books  
    JRU Library   SHELF-42-C 30/06/2016 735.00 19501 19503 Books  
    JRU Library   SHELF-42-C 30/06/2016 735.00 19501 19504 Books  
    JRU Library   SHELF-30-D 30/06/2016 735.00 620.106 19505 Books Reference
    JRU Library   SHELF-42-C 30/06/2016 735.00 19501 19506 Books  
    JRU Library   SHELF-42-C 30/06/2016 735.00 19501 19507 Books  
    JRU Library   SHELF-42-C 30/06/2016 735.00 19501 19508 Books  
    JRU Library   SHELF-42-C 30/06/2016 735.00 19501 19509 Books